Introducción a la obra de Bertolt Brecht

Sábháilte in:
Sonraí bibleagrafaíochta
Príomhchruthaitheoir: Gisselbrecht, André (Údar)
Formáid: LEABHAR
Teanga:Spáinnis
Foilsithe / Cruthaithe: Buenos Aires La Pleyade 1973
Ábhair:
Clibeanna: Cuir clib leis
Níl clibeanna ann, Bí ar an gcéad duine le clib a chur leis an taifead seo!

MARC

LEADER 00000nam a2200000 a 4500
001 UCW6637
003 CL-VaPUC
008 920420e19730000AG |||||||||||||||||spa|d
082 0 4 |a 832.09  |b GIS  |2 21 
100 0 |a Gisselbrecht, André  |e author  |9 311648 
245 1 0 |a Introducción a la obra de Bertolt Brecht 
300 |a 133 p 
942 |c BK 
945 |d 19920420 00:00:00 
260 |a Buenos Aires  |b La Pleyade  |c 1973 
600 0 7 |a BRECHT, BERTOLT  |2 CL-VaPUC  |9 311649 
650 0 |a Crítica e interpretación   |9 255042 
583 |a last modification  |c 19920420 00:00:00  |k Rodrigo Vera 
999 |c 219614  |d 219612 
952 |0 0  |1 0  |4 0  |6 832_090000000000000_GIS_1973  |7 0  |8 A  |9 210739  |a BIBEDU  |b BIBEDU  |d 2019-11-15  |i 2789515  |o 832.09 GIS 1973  |p 2789515  |r 2019-11-15  |w 2019-11-15  |y BK  |k EDU